| 000 | 00636nam a2200253Ia 4500 | ||
|---|---|---|---|
| 008 | 210210b2012 xxu||||| |||| 00| 0 eng d | ||
| 020 | _a9788183875332 | ||
| 041 | _aeng | ||
| 082 | _a332 VIJE | ||
| 100 | _aVIJAYALAKSHMI (B) | ||
| 245 | _aEmerging trends in financial services: challenges and opportunities | ||
| 260 |
_aNew Delhi _bSerials Publications _c2012 |
||
| 300 | _axxii,392 | ||
| 650 | _atrends | ||
| 650 | _aservices: | ||
| 650 | _aopportunities | ||
| 650 | _ain | ||
| 650 | _afinancial | ||
| 650 | _aEmerging | ||
| 650 | _achallenges | ||
| 650 | _aand | ||
| 690 | _aFinancial Economics | ||
| 906 | _a066890 | ||
| 999 |
_c149336 _d149336 |
||